000 01276nam a2200265Ia 4500
003 OSt
005 20220930094833.0
006 a|||||r|||| 00| 0
007 ta
008 220926b |||||||| |||| 00| 0 hin d
024 _a21488
037 _cTheses
040 _aCRL
_cCRL
_bhin
041 _2hin
_ahin
100 _aबोस, पंकज कुमार
_9157821
110 _aदिल्ली विश्वविद्यालय. कला संकाय. हिन्दी विभाग
245 0 _aसातवें दशक का आलोचनात्मक परिप्रेक्ष्य और इलाहाबाद की विवेचना गोष्ठी
246 _aSātavean dashak kā ālochanātmak pariprekṣhya aur ilāhābād kī vivechanā goṣhṭhī
260 _c2013
650 _aहिन्दी साहित्य
700 _a डॉ. द्वारिका प्रसाद, गा.
_9556400
700 _aदिल्ली विश्वविद्यालय. कला संकाय. हिन्दी विभाग
942 _cDIS
_2CC
999 _c887749
_d887749